|
|
|
|
| LEADER |
02037nam a2200373 a 4500 |
| 001 |
12696144 |
| 005 |
20050901124826.0 |
| 008 |
090507s2001 nyua b 001 0 eng d |
| 010 |
|
|
|a 2002276850
|
| 020 |
|
|
|a 0471095176 (v. 1)
|
| 040 |
|
|
|a DLC
|c DLC
|d DLC
|d DB-DhAAL
|
| 082 |
0 |
4 |
|a 621.38/043
|2 21
|
| 100 |
1 |
|
|a Van Trees, Harry L.
|
| 245 |
1 |
0 |
|a Detection, estimation, and modulation theory.
|n Part one /
|c Harry L. Van Trees.
|
| 246 |
3 |
|
|a Detection, estimation, and linear modulation theory
|
| 246 |
3 |
|
|a Optimum array processing
|
| 260 |
|
|
|a New York :
|b John Wiley,
|c c2001
|
| 300 |
|
|
|a xii. 697 p. :
|b ill. ;
|c 24
|
| 500 |
|
|
|a "A Wiley-Interscience publication"--Vol. 1, t.p.
|
| 500 |
|
|
|a Pt. 2 published: Wiley Interscience, Hoboken, N.J.
|
| 500 |
|
|
|a Pt. 4 published: Wiley-Interscience.
|
| 504 |
|
|
|a Includes bibliographical references and indexes.
|
| 541 |
|
|
|e 00018182
|
| 505 |
1 |
|
|a pt. 1. Detection, estimation, and linear modulation theory -- pt. 2. Nonlinear modulation theory -- pt. 4. Optimum array processing.
|
| 650 |
|
0 |
|a Signal theory (Telecommunication)
|
| 650 |
|
0 |
|a Modulation (Electronics)
|
| 650 |
|
0 |
|a Estimation theory.
|
| 852 |
4 |
|
|a Ayesha Abed Library
|j General Shelf.
|
| 999 |
|
|
|c 8818
|d 8818
|
| 952 |
|
|
|0 0
|1 0
|2 ddc
|4 0
|6 621_380430000000000_VAN_2001
|7 1
|9 10726
|a BRACUL
|b BRACUL
|c GEN
|d 2010-06-08
|l 0
|o 621.38043 VAN
|p 3010018182
|r 2010-06-08
|t 1
|w 2010-06-08
|y BK
|
| 952 |
|
|
|0 0
|1 0
|2 ddc
|4 0
|6 621_380430000000000_VAN_2001
|7 0
|9 10727
|a BRACUL
|b BRACUL
|c GEN
|d 2010-06-08
|l 0
|o 621.38043 VAN
|p 3010018181
|r 2010-06-08
|t 2
|w 2010-06-08
|y BK
|
| 952 |
|
|
|0 0
|1 0
|2 ddc
|4 0
|6 621_380430000000000_VAN_2001
|7 0
|9 10728
|a BRACUL
|b BRACUL
|c GEN
|d 2010-06-08
|l 0
|o 621.38043 VAN
|p 3010018183
|r 2010-06-08
|t 3
|w 2010-06-08
|y BK
|
| 952 |
|
|
|0 0
|1 0
|2 ddc
|4 0
|6 621_380430000000000_VAN_2001
|7 0
|9 10729
|a BRACUL
|b BRACUL
|c GEN
|d 2010-06-08
|l 0
|o 621.38043 VAN
|p 3010018179
|r 2010-06-08
|t 4
|w 2010-06-08
|y BK
|
| 952 |
|
|
|0 0
|1 0
|2 ddc
|4 0
|6 621_380430000000000_VAN_2001
|7 0
|9 10846
|a BRACUL
|b BRACUL
|c GEN
|d 2010-06-10
|l 0
|o 621.38043 VAN
|p 3010018180
|r 2010-06-10
|t 4
|w 2010-06-10
|y BK
|